000 01589nam a2200385 c 4500
003 BLK
005 20180420213202.0
008 180412b bul|||||r ||||||| ||bul||
010 _aKNG00000611000
020 _a954-428-055-3
_bиздат.: Хемус
040 _aBLK
041 _aBUL
_cBUL
080 _aИстория на Стария Изток, Мидия, Персия, Асирия и Вавилония
_b935
_x
_z935
100 1 _aМаккилъп, Бет
_eпърви автор
_991267
700 1 _aШоун, Роб
_eил.
_9144082
700 1 _aБаев, Станислав Баев
_eпрев. от англ.
_9242270
139 _aМаккилъп, Бет
_bМ 19
245 1 0 _aКитай 1400 г. пр. н. е. - 1911 г. от н. е.
_bНаучнопопул. четиво за юноши
_cБет Маккилъп; ил. Роб Шоун; прев. от англ. Станислав Баев Баев.
257 _aGBR
260 София
_bХемус
_c1994
300 _a32 с.
_bс цв. ил., к.
_c29 см
380 _aDN
490 1 _aДревни цивилизации
500 _aАвт. не е отбелязан на кор. - 15 000 тир. - Офс. изд. - Азб. показалец.
650 4 _aКитай - история
_9242271
653 _aКитай
653 _aистория
653 _aдетска литература
653 _aлитература за деца
852 _aЦб ІІ 11686
856 4 _qpdf
_u
856 4 _qpdf
_u
942 _cKNG
_n0
944 _aCR
_c15.01.2003
_kЛюдмила_Стоянова
944 _aED
_c10.11.2004
_k
999 _c380
_d380